Thư pháp năm 2 (Dành cho Hs trung học)

Uloženo v:
Podrobná bibliografie
Médium: Kniha
Tagy: Přidat tag
Žádné tagy, Buďte první, kdo otaguje tento záznam!
Thư viện lưu trữ: Mạng thư viện Đại học Đà Nẵng
LEADER 00420nam a22001691a 4500
001 000039799
003 16094
005 20160412022648.0
008 160412s0 000
082 |a 4N(TK)535-536 
245 |a Thư pháp năm 2 (Dành cho Hs trung học) 
OWN |a LNN 
999 |a From the UDN01 
TYP |a Monograph 
980 |a Mạng thư viện Đại học Đà Nẵng